පුංචි අපට ජන කතා /

Saved in:
Bibliographic Details
Main Author: විජේසිංහ, සම්මානි
Format: Book
Language:English
Sinhalese
Published: මොරටුව : සම්මානි පබ්ලිෂර්
Subjects:
Tags: Add Tag
No Tags, Be the first to tag this record!

MARC

LEADER 00000nam a22000007a 4500
003 LK-HrPL
005 20260409144249.0
008 260409b |||||||| |||| 00| 0 eng d
020 |a 9786249872806 
040 |a LK-HrPL  |b sin  |d LK-HrPL 
041 |a sin 
082 |a 891.483  |b විජේසි 
100 |a විජේසිංහ, සම්මානි 
245 |a පුංචි අපට ජන කතා /  |c සම්මානි විජේසිංහ 
260 |a මොරටුව :  |b සම්මානි පබ්ලිෂර් 
300 |a පි . 66 ;  |b චිත්‍ර  |c සෙ.මි 29 
650 0 |a ළමා ජන කතා 
942 |c CHBK 
999 |c 39291  |d 39291